|
|
|
|
| LEADER |
00000nam a22000005a 4500 |
| 001 |
vtls010289199 |
| 003 |
SK-MaSNL |
| 005 |
20260301031853.0 |
| 008 |
251112s1586 be fa 011 0 lat |
| 015 |
|
|
|a SNBHFA
|
| 040 |
|
|
|a SNKHF
|b slo
|c SNKHF
|e rda
|
| 041 |
0 |
|
|a lat
|
| 044 |
|
|
|a be
|c BE
|
| 072 |
|
7 |
|a 93/94
|x Dejiny (všeobecne)
|2 konspekt
|
| 080 |
|
|
|a 93/94
|2 2011
|
| 080 |
|
|
|a 355.01
|2 2011
|
| 100 |
1 |
|
|a Caesar, Gaius Iulius,
|d 100-44 pred Kr
|4 aut
|9 118293
|
| 245 |
1 |
0 |
|a Commentarii C. Ivlii Caesaris Commentarii, De Bello Gallico Et Civili. Eiusdem librorum, qui desiderantur, Fragmenta. Omnia nunc opera & iudicio viri docti emendata & edita
|
| 264 |
|
3 |
|a Antverpiae
|b Apud Christophorum Plantinum
|c MDXXXXVI (1586)
|
| 300 |
|
|
|a 40 nečíslovaných strán, 444 strán, 48 nečíslovaných strán
|c 8°
|c 17,5 x 11 cm
|
| 336 |
|
|
|a text
|b txt
|2 rdacontent
|
| 337 |
|
|
|a bez média
|b n
|2 rdamedia
|
| 338 |
|
|
|a zväzok
|b nc
|2 rdacarrier
|
| 500 |
|
|
|a Signet, iniciálky s ornamentálnym pozadím vo voľnom priestore na 5, 7 riadkov, v texte celostranové drevorezy
|
| 504 |
|
|
|a Marginálie, kustody
|
| 508 |
|
|
|a Predslov
|
| 510 |
4 |
|
|a BT I/529
|
| 562 |
|
|
|a Proveniencia: supralibros M. F. 1586. - Sum ex lib: Philippi Johannidis et amicorum ab anno 1654.
|5 SNK ID 98580
|
| 562 |
|
|
|a Na voľných listoch za textom a na zadnom prídoští rukopisné poznámky v gréčtine a latinčine.
|5 SNK ID 98580
|
| 563 |
|
|
|a Väzba: pôvodná, renesančná, bledohnedá koža s ornamentálnou a figurálnou slepotlačou.
|5 SNK ID 98580
|
| 650 |
0 |
7 |
|a dejiny
|2 SNKPH
|9 3825
|
| 650 |
0 |
7 |
|a vojny
|2 SNKPH
|9 4454
|
| 700 |
1 |
|
|a Plantin, Christophe,
|d 1520-1589
|4 prt
|4 aui
|9 129849
|
| 700 |
1 |
|
|a Johannides, Philipp
|4 fmo
|9 328119
|
| 700 |
0 |
|
|a M. F.,
|d 1586
|4 fmo
|9 328120
|
| 710 |
0 |
|
|a Plantin, Christophe (Antverpy, Belgicko),
|d 1548-1589
|4 prt
|4 dto
|9 179213
|
| 752 |
0 |
|
|a Belgicko
|d Antverpy
|
| 852 |
0 |
|
|a SNK
|p ID 98580
|p DK 14734/2011
|
| 958 |
|
|
|a ONDV
|
| 958 |
|
|
|a DA
|
| 999 |
|
|
|c 577457
|d 579387
|
| 952 |
|
|
|t Tlače 16. storočia
|a SNK
|b SNK
|c SNK_HF
|y PREZ
|7 0
|p 17A1399418
|o snkID 98580
|i snk2011/14734
|8 3
|g 380.00
|0 0
|1 0
|4 0
|d 2011-06-28
|l 0
|r 2026-02-23 14:38:18
|w 2026-02-23
|